00631nam a2200205 a 450000100060000000300090000600800410001502000150005604000280007108200140009910000290011311000580014224500320020025000060023226000550023830000220029365000480031565000270036365000350039012624CO-ViMGA141112s2004 ck r 000 u spa d a9581800329 aCO-ViMGAbspacCO-ViMGA04a301.2 M171 aCobo, Borda Juan Gustavo aPresidencia de la República de Colombia, Colcultura10aMateriales para una cultura a1 aBogotá : bPresidencia de la República, c1995 a351p. : il. color14aCULTURA - COLOMBIA - ENSAYOS - CONFERENCIAS14aENSAYOS - CONFERENCIAS14aPolítica CULTURAL - COLOMBIA